Statistics for 2016 First Republican Debate

Click here to take the quiz!

General Stats

  • This quiz has been taken 3,676 times
  • The average score is 7 of 10

Answer Stats

HintCandidate% Correct
BusinessmanDonald Trump
99%
Former governorJeb Bush
84%
SenatorMarco Rubio
69%
SenatorTed Cruz
69%
Former surgeonBen Carson
64%
GovernorChris Christie
61%
SenatorRand Paul
61%
Former governorMike Huckabee
50%
GovernorScott Walker
50%
GovernorJohn Kasich
47%

Score Distribution

Percentile by Number Answered

Percent of People with Each Score

Your Score History

You have not taken this quiz